| 000 | 00568nam a2200181Ia 4500 | ||
|---|---|---|---|
| 008 | 100917s9999 xx 000 0 und d | ||
| 082 | _b30669 | ||
| 100 | _aकुलकर्णी श्यामकांत | ||
| 245 | _aदूर गेलेल्या नौका | ||
| 260 |
_bप्रपंच प्रकाशन _c1977 |
||
| 300 | _a143 | ||
| 365 | _b12 | ||
| 520 | _aकथा | ||
| 630 | _aदूर गेलेल्या नौका | ||
| 650 | _aकथा | ||
| 730 | _aदूर गेलेल्या नौका | ||
| 942 | _cBOOK | ||
| 999 |
_c636063 _d636060 |
||